Visualizzazione normale
Vista MARC
- PARLATO [CASSETTE]
di Topical Term
Records bibliografici associati: 1
001 - CONTROL NUMBER
- control field: 25898
003 - CONTROL NUMBER IDENTIFIER
- control field: IT-RoPau
005 - DATE AND TIME OF LATEST TRANSACTION
- control field: 20140521105422.0
008 - FIXED-LENGTH DATA ELEMENTS
- fixed length control field: 140521|| aca||aabn | a|a d
040 ## - CATALOGING SOURCE
- Original cataloging agency: IT-RoPau
- Transcribing agency: IT-RoPau
150 ## - HEADING--TOPICAL TERM
- Topical term or geographic name entry element: PARLATO [CASSETTE]
- : Codice MATERIA SPICS: 9951
670 ## - SOURCE DATA FOUND
- Source citation: Work cat.: (IT-RoPau)102165: Pagano Christian Antonio 4412, Scandalo della speranza (Lo)-Intervista di Nazareno Fabbretti a David Maria Turoldo